Sanonnat #1 - Statistics

Yleistilastot
  • Tätä visaa on pelattu 203 kertaa
  • Keskiarvotulos 19 / 31
Vastaustilastot
% Oikein
Aikainen lintu _____ nappaa madon
99%
Se ei pelaa joka ______ pelkää
93%
Ei auta itku ____________ markkinoilla
92%
Ei savua ilman _____ tulta
92%
Aamun torkku _____ virkku illan
90%
Eteenpäin sanoi _____ lumessa mummo
90%
Ei kahta ilman ________ kolmatta
84%
Ei se _____ ole joka pyytää vaan se joka maksaa tyhmä
84%
Vanha _____ janottaa suola
82%
____ keinot keksii Hätä
81%
Jonka _______ oppii sen _______ taitaa nuorena, vanhana
80%
Lopussa ______ seisoo kiitos
77%
Ei makeaa _____ ________ mahan täydeltä
76%
Joka toiselle _______ kaivaa itse siihen lankeaa kuoppaa
75%
Ei saa jäädä ______ makaamaan tuleen
75%
Vanhassa ____ parempi vara
66%
Ei _____ käskien laula kukko
62%
Kyllä _________ ääntä mahtuu maailmaan
55%
Ei ______ haavaa tee haukku
53%
Auta miestä ______ älä ____ alla mäessä, mäen
50%
Ei yksi pääsky _____ tee kesää
49%
Ei vara _______ kaada venettä
46%
Ei helmiä _______ sioille
44%
________ sanoi kettu pihlajanmarjoista Happamia
41%
Ei tässä olla ________ selässä jäniksen
40%
Ei ____ ojaan kaada oppi
38%
Ei suuret sanat _____ halkaise suuta
33%
_________ on aina kääntöpuolikin Kolikolla
31%
________ tuulee huipulla
28%
Ei ______ luita riko lämmin
27%
______ _______ kolisee eniten Tyhjin tynnyri
2%
Ehtoja vastaavia visoja ei löytynyt
Tulosjakauma
Jokaisen tuloksen saaneiden osuus
Persentiili vastausten määrän mukaan
Tuloshistoriasi
Et ole pelannut tätä visaa